| 000 | 02198nam a22003497a 4500 | ||
|---|---|---|---|
| 003 | DO-SlITS | ||
| 005 | 20260207064115.0 | ||
| 007 | ta | ||
| 008 | 260113b20242026RD daklfrm||||||1|||spa|d | ||
| 040 |
_aDO-SlITS _bspa _cDO-SlITS _drda |
||
| 041 | _aspa | ||
| 082 |
_aPF-TSDG 741.6 R353d 2024 _221 |
||
| 100 |
_922051 _aRamírez, Vianny Elizabeth _d2022-0392 _eSustentante |
||
| 245 |
_aDiseño de campaña de concienciación sobre la importancia de la lectura en Santo Domingo / _cVianny Elizabeth Ramírez, Lismairy García Ramírez. |
||
| 264 |
_aSanto Domingo, República Dominicana : _bInstituto Técnico Superior Comunitario, Vicerrectoría Académica, Área de Artes, _c2024. |
||
| 300 |
_a47 páginas : _bilustraciones ; _c28 x 22 cm. |
||
| 336 |
_atexto _btxt _2rdacontent |
||
| 337 |
_avolumen _bn _2rdamedia |
||
| 502 |
_aProyecto final para optar por el título: Técnico Superior en Diseño Gráfico . _bInstituto Técnico Superior Comunitario (ITSC). Santo Domingo Este, República Dominicana, _c2024. |
||
| 504 | _aContiene referencias bibliográficas hoja: (47) | ||
| 505 | _aTabla de contenido / Dedicatoria / Agradecimiento / Introducción / Delimitación del tema de investigación / Planeamiento del problema / Justificación / Objetivos /Objetivos general /Objetivos Especifico / Marco conceptual/ Publicidad y el arte de persuadir / Campaña / Tipos de campaña / Diseño gráfico / Rama del diseño gráfico / Concientización / Capacitación / Formación / Aprendizaje / Marco Contextual / Historia / Misión / Visión / Valores / Análisis FODA / Desarrollo de propuesta / Conclusión Tipo de diseño gráfico / Diseño Web / Artesanía / Rediseño / Marco Contextual / Desarrollo de propuesta / Referencias / | ||
| 546 | _aTexto en español. | ||
| 650 | 4 |
_93462 _aDiseño gráfico |
|
| 650 | 0 |
_922258 _aCampañas de concienciación. |
|
| 650 | 4 |
_92152 _aPromoción de la lectura |
|
| 650 | 4 |
_93530 _aComunicación visual |
|
| 650 | 4 |
_92151 _aLectura _xFomento. |
|
| 650 | 0 |
_94218 _aEducación _xAspectos sociales. |
|
| 700 |
_922052 _aGarcía Ramírez, Lismairy _d2022-0378 _eSustentante |
||
| 700 | 1 |
_aBáez, Leocadia, _eDocente _eAsesora _916659 |
|
| 942 |
_2ddc _cPF |
||
| 999 |
_c9521 _d9521 |
||